[Event "SVK-chT1E 2122"]
[Site "Slovakia"]
[Date "2022.01.30"]
[Round "2.8"]
[White "Kerdik, Adam"]
[Black "Sekova, Olivia"]
[Result "1-0"]
[WhiteElo "2020"]
[BlackElo "1694"]
[PlyCount "47"]
[EventDate "2022.01.29"]
[EventType "team-tourn"]
[EventRounds "11"]
[EventCountry "SVK"]
[SourceTitle "EXT 2023"]
[Source "ChessBase"]
[SourceDate "2022.10.05"]
[SourceVersion "1"]
[SourceVersionDate "2022.10.05"]
[SourceQuality "1"]
[WhiteTeam "Liptov Chess School II"]
[BlackTeam "Humenne Reinter II"]
[WhiteTeamCountry "SVK"]
[BlackTeamCountry "SVK"]

1. d4 Nf6 2. c4 e6 3. Nc3 Bb4 4. Qc2 Bxc3+ 5. Qxc3 Ne4 6. Qc2 d5 7. e3 0-0 8. Bd3 f5 9. Ne2 Qh4 10. g3 Qg4 11. cxd5 Qf3 12. Rf1 exd5 13. Qxc7 f4 14. Nxf4 Na6 15. Qa5 Rxf4 16. gxf4 Bg4 17. Bd2 Kh8 18. Rc1 Re8 19. Qa4 Bh5 20. Qc2 Bg4 21. Bc3 Nxf2 22. Rxf2 Rxe3+ 23. Be2 Qh1+ 24. Kd2 1-0

[Event "SVK-chT2C 1920"]
[Site "Slovakia"]
[Date "2020.01.26"]
[Round "7.3"]
[White "Brnusak, Tomas"]
[Black "Kerdik, Adam"]
[Result "1/2-1/2"]
[WhiteElo "2042"]
[BlackElo "2058"]
[PlyCount "58"]
[EventDate "2019.10.26"]
[EventType "team-tourn"]
[EventRounds "11"]
[EventCountry "SVK"]
[SourceTitle "CBM 194 Extra"]
[Source "ChessBase"]
[SourceDate "2020.03.31"]
[SourceVersion "1"]
[SourceVersionDate "2020.03.31"]
[SourceQuality "1"]
[WhiteTeam "Liptov Chess School III"]
[BlackTeam "Ruzomberok Montana"]
[WhiteTeamCountry "SVK"]
[BlackTeamCountry "SVK"]

1. Nf3 Nf6 2. c4 e6 3. d4 d5 4. cxd5 exd5 5. Bg5 c6 6. Nc3 Bf5 7. e3 Be7 8. Bd3 Bxd3 9. Qxd3 Nbd7 10. 0-0 0-0 11. Nd2 Re8 12. f3 Nf8 13. Nb3 Ne6 14. Bh4 a5 15. Rad1 a4 16. Nc1 Nd7 17. Bf2 Nb6 18. b3 axb3 19. axb3 Bb4 20. Qc2 Qg5 21. Nd3 Bxc3 22. Qxc3 Nc8 23. Qb4 Qe7 24. Ra1 Qxb4 25. Nxb4 Nd6 26. Rfc1 f6 27. g4 Kf7 28. Bg3 Nb5 29. Ra4 Rh8 1/2-1/2

[Event "Banska Stiavnica V4 op"]
[Site "Banska Stiavnica"]
[Date "2018.07.12"]
[Round "6"]
[White "Kerdik, Adam"]
[Black "Kostolansky, Sebastian Lukas"]
[Result "1/2-1/2"]
[WhiteElo "2091"]
[BlackElo "2197"]
[PlyCount "194"]
[EventDate "2018.07.07"]
[EventType "swiss"]
[EventRounds "9"]
[EventCountry "SVK"]
[SourceTitle "CBM 185 Extra"]
[Source "ChessBase"]
[SourceDate "2018.07.29"]
[SourceVersion "1"]
[SourceVersionDate "2018.07.29"]
[SourceQuality "1"]

1. d4 Nf6 2. c4 g6 3. Nc3 Bg7 4. Nf3 d6 5. Bg5 0-0 6. e3 Nbd7 7. Be2 c5 8. 0-0 b6 9. d5 Bb7 10. a4 a6 11. e4 h6 12. Bf4 Qc7 13. h3 Rad8 14. Bh2 Rfe8 15. Qc2 e5 16. dxe6 fxe6 17. e5 dxe5 18. Qxg6 Nf8 19. Bxe5 Qxe5 20. Qxg7+ Kxg7 21. Nxe5 Ng6 22. Bf3 Nxe5 23. Bxb7 a5 24. Rfe1 Nxc4 25. Bc6 Re7 26. Re2 Kf7 27. Bb5 Nd6 28. Rd1 Nd5 29. Bc6 Nxc3 30. bxc3 Nb7 31. Rb1 Nd6 32. Rxb6 Nc4 33. Rb5 Rc7 34. Bf3 Rd3 35. Bg4 e5 36. Rb3 Rd1+ 37. Kh2 Ra1 38. f4 e4 39. Rb5 e3 40. Bf3 Nd2 41. Bd5+ Kg7 42. g3 Ra3 43. Kg2 Rxc3 44. f5 Rd3 45. Be6 c4 46. Rb6 Ne4 47. Kf3 Ng5+ 48. Kf4 Nxe6+ 49. fxe6 c3 50. Rb1 Rc4+ 51. Kf3 Kf6 52. Rc1 Rxa4 53. Rxe3 Rxe3+ 54. Kxe3 Ra3 55. Rc2 Kxe6 56. Kd4 Kf5 57. Rf2+ Kg5 58. Rc2 a4 59. Kd3 Rb3 60. Kc4 Kf5 61. Kd3 Ke5 62. Re2+ Kf5 63. Rf2+ Kg5 64. Rc2 Kf5 65. Rf2+ Kg5 66. Rc2 a3 67. Kc4 a2 68. Rxa2 c2 69. Rxc2 Rxg3 70. Kd4 Rxh3 71. Ke4 Rg3 72. Rc5+ Kg4 73. Rc8 h5 74. Rg8+ Kh3 75. Rh8 Rg5 76. Kf4 Ra5 77. Rh7 h4 78. Kf3 Ra4 79. Kf2 Kh2 80. Rf7 h3 81. Rf8 Ra2+ 82. Kf1 Ra1+ 83. Kf2 Rg1 84. Rf7 Rg2+ 85. Kf1 Kh1 86. Rh7 Rg3 87. Kf2 Ra3 88. Rh8 Kh2 89. Rh7 Ra2+ 90. Kf1 Kg3 91. Rg7+ Kf3 92. Rf7+ Kg4 93. Rg7+ Kf5 94. Kg1 h2+ 95. Kh1 Kf4 96. Rg2 Ra8 97. Kxh2 Rh8+ 1/2-1/2

[Event "SVK-chT2C 1617"]
[Site "Slovakia"]
[Date "2017.02.11"]
[Round "8.4"]
[White "Magat, Jozef"]
[Black "Kerdik, Adam"]
[Result "1/2-1/2"]
[WhiteElo "2071"]
[BlackElo "2066"]
[PlyCount "160"]
[EventDate "2016.10.08"]
[EventType "team-tourn"]
[EventRounds "11"]
[EventCountry "SVK"]
[SourceTitle "EXT 2018"]
[Source "ChessBase"]
[SourceDate "2017.10.13"]
[SourceVersion "1"]
[SourceVersionDate "2017.10.13"]
[SourceQuality "1"]
[WhiteTeam "Dunajov Inbest II"]
[BlackTeam "Liptov Chess School III"]
[WhiteTeamCountry "SVK"]
[BlackTeamCountry "SVK"]

1. d4 Nf6 2. Nf3 e6 3. g3 c5 4. Bg2 Nc6 5. 0-0 d5 6. c3 Be7 7. Bg5 Ne4 8. Bxe7 Qxe7 9. Nbd2 Nxd2 10. Qxd2 0-0 11. Rfe1 cxd4 12. cxd4 Rd8 13. Rac1 Bd7 14. Rc3 Rac8 15. Rec1 f6 16. e3 Qd6 17. Ne1 Ne7 18. Nd3 b6 19. Rxc8 Rxc8 20. Rxc8+ Bxc8 21. Qc3 a5 22. h4 Kf7 23. a3 Qc6 24. Qxc6 Nxc6 25. Nf4 Ke7 26. Bh3 Bd7 27. Kf1 Nd8 28. Ke1 Nf7 29. Kd2 Nd6 30. Bg2 Bc6 31. Nd3 Ne4+ 32. Ke1 Kd6 33. Nf4 g6 34. Ne2 Ke7 35. Nf4 Kd6 36. Ne2 Bb5 37. Bxe4 dxe4 38. Nc3 Bc6 39. b4 axb4 40. axb4 e5 41. Kd2 Ke6 42. Ke2 h5 43. Kd2 g5 44. Ke2 gxh4 45. gxh4 f5 46. Kf1 exd4 47. exd4 f4 48. Kg1 Kf5 49. Kf1 f3 50. Kg1 Kf4 51. Nd1 Kg4 52. d5 Bd7 53. d6 Kf5 54. Nc3 Ke5 55. Kh2 Kd4 56. Nd1 Bc6 57. Kg3 Ke5 58. Nc3 b5 59. Nd1 Kxd6 60. Kf4 Kd5 61. Ne3+ Kd4 62. Nf5+ Kd3 63. Ng3 Bb7 64. Nxh5 Ke2 65. Ng3+ Kxf2 66. h5 e3 67. Nh1+ Ke2 68. h6 f2 69. Ng3+ Kd2 70. Nf1+ Kd3 71. Nxe3 Be4 72. Nf1 Bh7 73. Kf3 Kc3 74. Ne3 f1Q+ 75. Nxf1 Kxb4 76. Ke2 Kc3 77. Kd1 b4 78. Nd2 Kb2 79. Nc4+ Kc3 80. Nd2 b3 1/2-1/2

[Event "Banska Stiavnica V4 op"]
[Site "Banska Stiavnica"]
[Date "2016.07.06"]
[Round "5"]
[White "Kerdik, Adam"]
[Black "Macko, Miroslav"]
[Result "0-1"]
[WhiteElo "2064"]
[BlackElo "2186"]
[PlyCount "84"]
[EventDate "2016.07.02"]
[EventType "swiss"]
[EventRounds "9"]
[EventCountry "SVK"]
[SourceTitle "CBM 173 Extra"]
[Source "ChessBase"]
[SourceDate "2016.08.29"]
[SourceVersion "1"]
[SourceVersionDate "2016.08.29"]
[SourceQuality "1"]

1. d4 Nf6 2. c4 c5 3. d5 b5 4. cxb5 a6 5. bxa6 g6 6. Nc3 Bxa6 7. Nf3 Bg7 8. g3 0-0 9. Bg2 d6 10. 0-0 Nbd7 11. Qc2 Qa5 12. Rd1 Rfb8 13. Rb1 Ne8 14. Bd2 Nc7 15. e4 Nb5 16. Nxb5 Qxb5 17. Bc3 Qe2 18. Rd2 Qc4 19. Bf1 Qxa2 20. Bxg7 Kxg7 21. b3 Qxc2 22. Rxc2 Bxf1 23. Kxf1 Kf6 24. Ke2 g5 25. Nd2 g4 26. h3 h5 27. hxg4 hxg4 28. Rh1 Ne5 29. Rh6+ Kg5 30. Rh1 Rb4 31. Ke3 Ra3 32. Ke2 Nf3 33. Nxf3+ gxf3+ 34. Kxf3 Raxb3+ 35. Kg2 Rxe4 36. Rd2 Rbb4 37. Ra2 Rbd4 38. Ra8 Rxd5 39. f4+ Kf5 40. Rh6 Rd2+ 41. Kf3 Rd3+ 42. Kf2 Rb4 0-1

[Event "SVK-chT1E 1516"]
[Site "Slovakia"]
[Date "2015.12.13"]
[Round "6.6"]
[White "Pacholsky, Martin"]
[Black "Kerdik, Adam"]
[Result "1/2-1/2"]
[WhiteElo "1978"]
[BlackElo "2001"]
[PlyCount "79"]
[EventDate "2015.10.24"]
[EventType "team-tourn"]
[EventRounds "11"]
[EventCountry "SVK"]
[SourceTitle "CBM 170 Extra"]
[Source "ChessBase"]
[SourceDate "2016.02.25"]
[SourceVersion "1"]
[SourceVersionDate "2016.02.25"]
[SourceQuality "1"]
[WhiteTeam "Margecany"]
[BlackTeam "Liptov Chess School II"]
[WhiteTeamCountry "SVK"]
[BlackTeamCountry "SVK"]

1. e4 c5 2. f4 e6 3. Nf3 Nc6 4. Bb5 a6 5. Bxc6 bxc6 6. d3 d5 7. 0-0 Be7 8. Nc3 d4 9. Ne2 Nf6 10. Qe1 0-0 11. b3 a5 12. a4 Qc7 13. Bd2 Nd7 14. Ng3 Bd8 15. f5 e5 16. Nh5 Nf6 17. Nxf6+ Bxf6 18. g4 Bd8 19. g5 f6 20. h4 Kf7 21. h5 Ke8 22. Kg2 fxg5 23. Nxg5 h6 24. Nf3 Bf6 25. Qg3 Qe7 26. Rh1 Kd8 27. Rag1 Ra7 28. Qe1 Qc7 29. Kf2 Bd7 30. Nh2 Bh4+ 31. Rg3 Bxg3+ 32. Kxg3 Kc8 33. Nf3 Kb7 34. Bc1 Be8 35. Bd2 Kb6 36. Rh3 Bf7 37. Kg2 Bg8 38. Qg3 Re8 39. Kf1 Qe7 40. Nh4 1/2-1/2